[Event "Canadian op"]
[Site "Edmonton"]
[Date "2005.07.15"]
[Round "8"]
[White "Willie, Joshua"]
[Black "Purewal, Pal"]
[Result "0-1"]
[WhiteElo "1555"]
[BlackElo "1774"]
[PlyCount "68"]
[EventDate "2005.07.09"]
[EventType "swiss"]
[EventRounds "10"]
[EventCountry "CAN"]
[SourceTitle "CBM 107 Extra"]
[Source "ChessBase"]
[SourceDate "2005.09.01"]
[SourceVersion "1"]
[SourceVersionDate "2005.09.01"]
[SourceQuality "1"]

1. e4 c5 2. Nf3 Nc6 3. d4 cxd4 4. Nxd4 e6 5. Nc3 a6 6. Be3 Bb4 7. Qd2 h6 8. a3 Be7 9. Be2 d6 10. f3 Bh4+ 11. g3 Bf6 12. h4 Be7 13. 0-0-0 Nxd4 14. Bxd4 e5 15. Be3 Be6 16. Nd5 Bxd5 17. Qxd5 Qc7 18. Bc4 Bf8 19. Bb6 Qd7 20. f4 Nf6 21. Qd3 Be7 22. Rh2 Qc6 23. fxe5 dxe5 24. Qb3 0-0 25. Bd5 Nxd5 26. exd5 Qf6 27. Rhd2 Bd6 28. Kb1 Rfe8 29. c4 Rac8 30. Rc2 Qg6 31. c5 Bxc5 32. Ka1 Qxb6 33. Qd3 Bd4 34. Rdc1 Bxb2+ 0-1

[Event "Canadian op"]
[Site "Edmonton"]
[Date "2005.07.13"]
[Round "6"]
[White "Willie, Joshua"]
[Black "Seehagen, Terry"]
[Result "1-0"]
[WhiteElo "1555"]
[BlackElo "1608"]
[PlyCount "71"]
[EventDate "2005.07.09"]
[EventType "swiss"]
[EventRounds "10"]
[EventCountry "CAN"]
[SourceTitle "CBM 107 Extra"]
[Source "ChessBase"]
[SourceDate "2005.09.01"]
[SourceVersion "1"]
[SourceVersionDate "2005.09.01"]
[SourceQuality "1"]

1. e4 d5 2. exd5 Nf6 3. Nc3 e5 4. dxe6 Bxe6 5. h3 Bc5 6. Nf3 Qe7 7. Be2 Nc6 8. 0-0 Rd8 9. Re1 0-0 10. Bc4 Nd4 11. Ng5 Qd7 12. Nxe6 fxe6 13. d3 Rde8 14. a3 Qf7 15. Ne2 Nd5 16. Rf1 Nf3+ 17. gxf3 Qg6+ 18. Kh2 Bd6+ 19. Ng3 Nf4 20. Bxf4 Bxf4 21. Rg1 Qh6 22. Qf1 Bd6 23. Kh1 Rf4 24. Re1 Rh4 25. Kh2 g5 26. Re4 Bf4 27. Rxf4 Rxf4 28. Ne4 Kh8 29. Nxg5 Rf5 30. Ne4 Ref8 31. Rg3 Rf4 32. Qg2 Qh5 33. Ng5 Rg8 34. Nxe6 Rxg3 35. Qxg3 Rxf3 36. Qg7# 1-0

[Event "Canadian op"]
[Site "Edmonton"]
[Date "2005.07.09"]
[Round "1"]
[White "Mandic, Slaven"]
[Black "Willie, Joshua"]
[Result "1-0"]
[WhiteElo "1970"]
[BlackElo "1555"]
[PlyCount "90"]
[EventDate "2005.07.09"]
[EventType "swiss"]
[EventRounds "10"]
[EventCountry "CAN"]
[SourceTitle "CBM 107 Extra"]
[Source "ChessBase"]
[SourceDate "2005.09.01"]
[SourceVersion "1"]
[SourceVersionDate "2005.09.01"]
[SourceQuality "1"]

1. f4 Nc6 2. Nf3 d6 3. e4 Bg4 4. Bc4 Qd7 5. c3 Nf6 6. d3 e6 7. 0-0 Na5 8. Bb3 Nxb3 9. axb3 Be7 10. Be3 0-0 11. Nbd2 c5 12. Qc2 a5 13. Ra2 b5 14. Rfa1 Qc7 15. Ne1 d5 16. h3 Bh5 17. e5 Nd7 18. b4 a4 19. b3 Ra6 20. bxa4 Rfa8 21. axb5 Rxa2 22. Rxa2 Rxa2 23. Qxa2 cxb4 24. Qa8+ Bf8 25. Qc6 Qd8 26. cxb4 Bxb4 27. Nc2 Bxd2 28. Bxd2 h6 29. Be3 Bd1 30. Nb4 Qa5 31. Qxd7 Qxb4 32. Bf2 Ba4 33. Qd8+ Kh7 34. b6 Bc6 35. Qc7 Qb5 36. Qxf7 Qxd3 37. Qxe6 Qb1+ 38. Kh2 Qb5 39. Qf5+ Kh8 40. e6 Qb4 41. Qf7 d4 42. e7 d3 43. Qf8+ Kh7 44. e8Q Qxf8 45. Qxf8 d2 1-0